Guess the DC Storyline - Statistics

General Stats
  • This quiz has been taken 16 times
  • The average score is 6 of 15
Answer Stats
Hint Answer % Correct
Flash New 52 It was me Flashpoint
92%
Joker Barbara Oracle Batman: The Killing Joke
77%
Calendar Candy Pumpkin Batman: The Long Halloween
69%
Death Green Black Blackest Night
69%
Regime Joker Video Game Injustice
54%
Batman v Superman Miller Spud Batman: The Dark Knight Returns
46%
Bane Back Azrael Batman: Knightfall
38%
Flash Murder Sanctuary Heroes in Crisis
31%
Batman Weakness Contingency JLA: Tower of Babel
31%
Planets Red Death Crisis on Infinite Earths
23%
Watchmen Reverse Flash Thomas Wayne The Button
23%
Annuals Aliens New Blood Bloodlines
8%
Multiverse Brainiac New 52 Convergence
8%
Future Android 90s DC 1,000,000
8%
Walking Depression Hope Superman: Grounded
8%
No matching quizzes found
Score Distribution
Percent of People with Each Score
Percentile by Number Answered
Your Score History
You have not taken this quiz